000 01692cam a2200229 4500
001 L136957
008 070306s2007 xxk f 000 0 eng d
035 _a(Sirsi) u136957
041 0 _aeng
050 0 4 _a352.1 $2 18
110 2 _aUnited Kingdom
_bDepartment for Environment, Food and Rural Affairs
245 0 0 _aUK government sustainable procurement action plan
_bincorporating the government response to the report of the Sustainable Procurement Task Force
_h[electronic resource]
260 _aLondon
_bDEFRA
_c2007
505 2 _aBackground -- Comprehensive spending review -- Priorities and future plans -- Strengthening leadership -- Budgeting and accounting practice -- Building capacity -- Raising standards -- Marketing engagement and capturing innovation -- Wider public sector -- Scrutiny and reporting -- Next steps - Annex A: Procurement policy framework -- Annex B: Sustainable operations targets Annex C: Sustainable Procurement Task Force flexible framework -- Annex D: Quick wins mapping -- Annex E: Progress report for wider public sector (local government, health and education).
520 _aDescribes in detail the actions to be taken collectively by Government and individually by Departments to achieve sustainable procurement. It points to further work planned in the wider public sector and through the Comprehensive Spending Review.
590 _aKA NTK
650 2 4 _aSUSTAINABLE PROCUREMENT NATIONAL ACTION PLAN
651 4 _aEngland and Wales
_y1543-
690 _aMANAGEMENT-BUSINESS MANAGEMENT-PROCUREMENT
856 4 0 _uhttps://www.defra.gov.uk/news/2007/070305b.htm
_zView the action plan free of charge online at www.defra.gov.uk...
942 _n0
999 _c106560
_d106560